| 000 | 00853nam a2200277 a 4500 | ||
|---|---|---|---|
| 001 | 70364 | ||
| 003 | BD-RjUL | ||
| 005 | 20211209082005.0 | ||
| 008 | 170417s1966 enka 001 0 eng | ||
| 035 | _a(BD-RjUL)70578 | ||
| 040 |
_aDLC _cYNG _dBD-RjUL _beng |
||
| 041 | _aeng | ||
| 082 |
_a515 _223 _bSNE 1966 |
||
| 100 |
_aSnell, K. S. _q(Kenneth Scotchburn). _9208359 |
||
| 245 | 1 | 0 |
_aElementary analysis / _cby K. S. Snell and J. B. Morgan. |
| 250 | _a1st ed. | ||
| 260 |
_aOxford ; _aNew York : _bPergamon Press, _cc1966. |
||
| 300 |
_av. : _bill. ; _c20 cm. |
||
| 490 | 0 | _aThe Commonwealth and international library. Mathematics division. | |
| 500 | _aIncludes index | ||
| 505 | _aVol.2---. V.1--- | ||
| 650 | 0 |
_aMathematical analysis. _9208360 |
|
| 700 | 1 |
_aMorgan, J. B. _q(John Butler). _9208361 |
|
| 942 |
_2ddc _cBK |
||
| 999 |
_c70364 _d70364 |
||